1719 1356 1506 1925 1689 1695 1143 1303 1680 1752 1353 1467 1227 1500 1195 1282 1465 1198 1860 1656 1645 1685 1613 1907 1120 1434 1028 1376 1096 1886 1288 1206 1806 1725 1527 1214 1732 1961 1888 1638 1525 1481 1975 1809 1733 1363 1863 1775 1974 1334 1881 1674 1448 1957 1502 1343 1668 1580 1681 1713 1082 1434 1645 1614 1708 1120 1496 1200 1428 1279 1752 1957 1446 1061 1925 1540 1851 1953 1183 1113 1514 1480 1027 1955 1838 1386 1855 1008 1879 1427 1845 1810 1943 1190 1328 1017 1537 1853 1178 BCNSPRNW ULIB Ver.6.0+V

เปลี่ยนเป็นภาษาไทย

Change to English
 แสดงรายละเอียดบรรณานุกรม
  กลับหน้าหลัก

Brief Record : Get Marc (ISO 2709) : E-mail record : QR code < ปิดหน้าต่าง
LEADER : 00000nam 2200000uu 4500
001    13399123655
003     ULIB
008    141103s2557||||th 000 0 tha d
020    ^a9786169120513
060 04 ^aWQ240^bก451
245 00 ^aการดูแลภาวะแทรกซ้อนของการตั้งครรภ์แบบร่วมสมัย /^cบรรณาธิการ, วิบูลย์เรืองชัยนิคม ... [และคนอื่นๆ]
250    ^aพิมพ์ครั้งที่ 1
260    ^aกรุงเทพฯ :^bสมาคมเวชศาสตร์มารดาและทารกในครรภ์,^c2557
300    ^a234 หน้า :^bภาพประกอบ ;^c30 ซม.
650  2 ^aPregnancy Complications
650  4 ^aภาวะแทรกซ้อนขณะมีครรภ์
653    ^aผลงานอาจารย์คณะแพทยศาสตร์ศิริราชพยาบาล
700 0  ^aวิบูลย์ เรืองชัยนิคม,^eบรรณาธิการ
710 2  ^aสมาคมเวชศาสตร์มารดาและทารกในครรภ์
945    ^p360^l0^i036522
945    ^p360^l0^i036523
945    ^p360^l0^i036524
945    ^p360^l0^i036525
945    ^p360^l0^i036526
945    ^p360^l0^i036527
945    ^p360^l0^i036528
945    ^p360^l0^i036529
945    ^p360^l0^i036530
945    ^p360^l0^i036531
945    ^p360^l0^i036532
999    ^aเกษร โพธิ์สุวรรณ
รายการนี้ยังไม่มีแท็ก
คุณยังไม่ได้ล็อกอิน คุณสามารถมีกิจกรรมร่วมกับเว็บไซต์ได้ แต่ต้องล็อกอินก่อน ::
  ล็อกอิน

รายการสื่อสารสนเทศ

ลำดับที่ ประเภท เลขเรียก/บาร์โค้ด สถานที่ สถานะ
1. วิทยาศาสตร์การแพทย์ และสุขภาพ
วิทยาศาสตร์การแพทย์ และสุขภาพ
สถานะ=หนังสือเก่า
WQ240 ก451 ฉ.1 
  Barcode: 036522
ห้องสมุดวิทยาเขตสวรรค์ประชารักษ์
►ส่วนจัดเก็บหนังสือเก่า สปร
บนชั้น
  ขอยืม
2. วิทยาศาสตร์การแพทย์ และสุขภาพ
วิทยาศาสตร์การแพทย์ และสุขภาพ
สถานะ=หนังสือเก่า
WQ240 ก451 ฉ.10 
  Barcode: 036531
ห้องสมุดวิทยาเขตสวรรค์ประชารักษ์
►ส่วนจัดเก็บหนังสือเก่า สปร
บนชั้น
  ขอยืม
3. วิทยาศาสตร์การแพทย์ และสุขภาพ
วิทยาศาสตร์การแพทย์ และสุขภาพ
สถานะ=หนังสือเก่า
WQ240 ก451 ฉ.11 
  Barcode: 036532
ห้องสมุดวิทยาเขตสวรรค์ประชารักษ์
►ส่วนจัดเก็บหนังสือเก่า สปร
บนชั้น
  ขอยืม
4. วิทยาศาสตร์การแพทย์ และสุขภาพ
วิทยาศาสตร์การแพทย์ และสุขภาพ
สถานะ=หนังสือเก่า
WQ240 ก451 ฉ.2 
  Barcode: 036523
ห้องสมุดวิทยาเขตสวรรค์ประชารักษ์
►ส่วนจัดเก็บหนังสือเก่า สปร
บนชั้น
  ขอยืม
5. วิทยาศาสตร์การแพทย์ และสุขภาพ
วิทยาศาสตร์การแพทย์ และสุขภาพ
สถานะ=หนังสือเก่า
WQ240 ก451 ฉ.3 
  Barcode: 036524
ห้องสมุดวิทยาเขตสวรรค์ประชารักษ์
►ส่วนจัดเก็บหนังสือเก่า สปร
บนชั้น
  ขอยืม
6. วิทยาศาสตร์การแพทย์ และสุขภาพ
วิทยาศาสตร์การแพทย์ และสุขภาพ
สถานะ=หนังสือเก่า
WQ240 ก451 ฉ.4 
  Barcode: 036525
ห้องสมุดวิทยาเขตสวรรค์ประชารักษ์
►ส่วนจัดเก็บหนังสือเก่า สปร
บนชั้น
  ขอยืม
7. วิทยาศาสตร์การแพทย์ และสุขภาพ
วิทยาศาสตร์การแพทย์ และสุขภาพ
สถานะ=หนังสือเก่า
WQ240 ก451 ฉ.5 
  Barcode: 036526
ห้องสมุดวิทยาเขตสวรรค์ประชารักษ์
►ส่วนจัดเก็บหนังสือเก่า สปร
บนชั้น
  ขอยืม
8. วิทยาศาสตร์การแพทย์ และสุขภาพ
วิทยาศาสตร์การแพทย์ และสุขภาพ
สถานะ=หนังสือเก่า
WQ240 ก451 ฉ.6 
  Barcode: 036527
ห้องสมุดวิทยาเขตสวรรค์ประชารักษ์
►ส่วนจัดเก็บหนังสือเก่า สปร
บนชั้น
  ขอยืม
9. วิทยาศาสตร์การแพทย์ และสุขภาพ
วิทยาศาสตร์การแพทย์ และสุขภาพ
สถานะ=หนังสือเก่า
WQ240 ก451 ฉ.7 
  Barcode: 036528
ห้องสมุดวิทยาเขตสวรรค์ประชารักษ์
►ส่วนจัดเก็บหนังสือเก่า สปร
บนชั้น
  ขอยืม
10. วิทยาศาสตร์การแพทย์ และสุขภาพ
วิทยาศาสตร์การแพทย์ และสุขภาพ
สถานะ=หนังสือเก่า
WQ240 ก451 ฉ.8 
  Barcode: 036529
ห้องสมุดวิทยาเขตสวรรค์ประชารักษ์
►ส่วนจัดเก็บหนังสือเก่า สปร
บนชั้น
  ขอยืม
11. วิทยาศาสตร์การแพทย์ และสุขภาพ
วิทยาศาสตร์การแพทย์ และสุขภาพ
WQ240 ก451 ฉ.9 
  Barcode: 036530
ห้องสมุดวิทยาเขตสวรรค์ประชารักษ์
►หนังสือทั่วไป
บนชั้น

รายการใกล้เคียง
    หัวเรื่อง [Pregnancy Complications]
    หัวเรื่อง [ภาวะแทรกซ้อนขณะมีครรภ์]

BibComment


ยังไม่เคยถูกคอมเมนท์

คอมเมนท์ทรัพยากรรายการนี้
  คอมเมนท์: การดูแลภาวะแทรกซ..


 Copyright 2026. Bcnsprnw @Library